| 000 | 00503nam a2200145Ia 4500 | ||
|---|---|---|---|
| 008 | 181023s9999 xx 000 0 und d | ||
| 020 | _a9781119412434 | ||
| 100 | _aAnderson, Dave. | ||
| 245 |
_cDave Anderson.-- _aUnstopable : _btransforming your mindset to create change, accelerate results, and be the best at what you do / |
||
| 260 |
_aNew Jersey : _bWiley _c2017 |
||
| 300 | _axviii, 215 pages. | ||
| 500 | _aIncludes indexes. | ||
| 650 | _aEmployee motivation. | ||
| 650 | _aOrganization behavior. | ||
| 999 |
_c359357 _d359357 |
||